00213nam a2200073Ia 4500082001300000245005000013100003500063008004100098 aEKF BLYT 0aThe house in the tree; : &, The strange doll  a BLYTON, Enid London, 2005 210817s9999 xx 000 0 und d